Countries that Visit the Philippines the Most - Statistics

General Stats
  • This quiz has been taken 111 times
  • The average score is 8 of 10
Answer Stats
# Visitors Country % Correct
1,034,396 United States
99%
1,255,258 China
96%
631,801 Japan
95%
1,587,959 South Korea
82%
279,821 Australia
80%
226,429 Canada
75%
240,842 Taiwan
72%
145,242 Malaysia
68%
201,039 United Kingdom
68%
171,795 Singapore
61%
No matching quizzes found
Score Distribution
Percent of People with Each Score
Percentile by Number Answered
Your Score History
You have not taken this quiz